Muy cerca de las ballenas /
Mauro es muy emotivo, le gusta la música...un buen día debe abandonar las montañas donde creció, ganó amigos y confianza en sí mismo. Ahora lo espera un paisaje desconocido y cambios difíciles, pero también anhelos y amigos nuevos.
Guardado en:
| Autor Principal: | |
|---|---|
| Otros Autores: | |
| Formato: | Libro |
| Idioma: | Undetermined |
| Publicado: |
Buenos Aires :
Sigmar,
2003.
|
| Edición: | 4a ed. |
| Series: | Sueños de papel
|
| Materias: | |
| Etiquetas: |
Agregar Etiqueta
Sin Etiquetas, Sea el primero en etiquetar este registro!
|
| LEADER | 00891nam a22002175a 4500 | ||
|---|---|---|---|
| 001 | CEM.cems021145 | ||
| 008 | 240506s2003####ag############000#0#und#d | ||
| 005 | 20240506155751.0 | ||
| 245 | 1 | 0 | |a Muy cerca de las ballenas / |c Susana Martín ; ilustrado por Susana Guerra. |
| 250 | |a 4a ed. | ||
| 260 | |a Buenos Aires : |b Sigmar, |c 2003. | ||
| 300 | |a 72 p. | ||
| 490 | 1 | |a Sueños de papel | |
| 520 | |a Mauro es muy emotivo, le gusta la música...un buen día debe abandonar las montañas donde creció, ganó amigos y confianza en sí mismo. Ahora lo espera un paisaje desconocido y cambios difíciles, pero también anhelos y amigos nuevos. | ||
| 020 | |a 9501109615 | ||
| 100 | 1 | |a Martín, Susana. | |
| 700 | 1 | |a Guerra, Susana; il. | |
| 653 | |a Literatura juvenil | ||
| 653 | |a Literatura argentina | ||
| 653 | |a Novela juvenil | ||
| 859 | |a CEMS |b BIB. CEMS - Inicial y Primaria |h A863.4 |i M363-2 |k IP |p 2445 |t Ej.1 | ||
